LEADER 00870nam0-2200265 --450 001 9911064626603321 005 20260224111154.0 010 $a978-88-337-9920-9 020 $aIT$b2025-7859 100 $a20260224d2025----kmuy0itay5050 ba 101 0 $aita$cita 102 $aIT 105 $a 001yy 200 1 $a<>Costituzione italiana è la più bella del mondo?$eviaggio tra retorica, disuguaglianze e verità taciute$eelogio critico di una carta incompiuta$fDaniela Mainenti 210 $aPisa$cPacini giuridica$d©2025 215 $a139 p.$d21 cm 676 $a342.4502$v23$zita 700 1$aMainenti,$bDaniela$01253544 801 0$aIT$bUNINA$gREICAT$2UNIMARC 901 $aBK 912 $a9911064626603321 952 $aI C 624$b2025/2175$fFGBC 959 $aFGBC 996 $aCostituzione italiana è la più bella del mondo$94545227 997 $aUNINA